Vernacular buildings in a changing world: understanding, recording and conservation (Record no. 102228)
[ view plain ]
| 000 -LEADER | |
|---|---|
| fixed length control field | 01344cam a2200277 4500 |
| 008 - FIXED-LENGTH DATA ELEMENTS--GENERAL INFORMATION | |
| fixed length control field | 020722n2001 000 0 eng u |
| 020 ## - INTERNATIONAL STANDARD BOOK NUMBER | |
| International Standard Book Number | 1902771192 |
| 035 ## - SYSTEM CONTROL NUMBER | |
| System control number | (Sirsi) u118982 |
| 041 ## - LANGUAGE CODE | |
| Language code of text/sound track or separate title | eng. |
| 050 ## - LIBRARY OF CONGRESS CALL NUMBER | |
| Classification number | 690.241 |
| 100 ## - MAIN ENTRY--PERSONAL NAME | |
| Personal name | Pearson, S. |
| -- | Editor |
| 245 ## - TITLE STATEMENT | |
| Title | Vernacular buildings in a changing world: understanding, recording and conservation |
| 260 ## - PUBLICATION, DISTRIBUTION, ETC. | |
| Place of publication, distribution, etc. | York |
| Name of publisher, distributor, etc. | Council for British Archaeology |
| Date of publication, distribution, etc. | 2001 |
| 300 ## - PHYSICAL DESCRIPTION | |
| Extent | xiv,151p. |
| Other physical details | ill. |
| Dimensions | 31cm. |
| 350 ## - PRICE (NR) (BK AM CF MU VM SE) [OBSOLETE] | |
| Price | 17.50 |
| 490 ## - SERIES STATEMENT | |
| Series statement | CBA Research Report |
| Volume/sequential designation | 126 |
| 520 ## - SUMMARY, ETC. | |
| Summary, etc. | Focuses on the theories and practice for analysing and recording the vast range of small historic buildings that constitute the core element of Britain's built landscape. Examines what has been done and what still needs to be achieved to preserve and understand our architectural heritage. Serves as both a practical guide to existing conservation procedures and methods of historic building research, and a call for better understanding and recording of our threatened architectural landscape. |
| 650 ## - SUBJECT ADDED ENTRY--TOPICAL TERM | |
| Topical term or geographic name entry element | HISTORIC BUILDINGS |
| 650 ## - SUBJECT ADDED ENTRY--TOPICAL TERM | |
| Topical term or geographic name entry element | DOMESTIC BUILDINGS |
| 650 ## - SUBJECT ADDED ENTRY--TOPICAL TERM | |
| Topical term or geographic name entry element | VERNACULAR BUILDINGS |
| 650 ## - SUBJECT ADDED ENTRY--TOPICAL TERM | |
| Topical term or geographic name entry element | CONSERVATION TECHNIQUES |
| 650 ## - SUBJECT ADDED ENTRY--TOPICAL TERM | |
| Topical term or geographic name entry element | RESEARCH METHODS |
| 690 ## - LOCAL SUBJECT ADDED ENTRY--TOPICAL TERM (OCLC, RLIN) | |
| Topical term or geographic name as entry element | BUILT ENVIRONMENT-BUILDING MAINTENANCE AND REFURBISHMENT-BUILDING CONSERVATION |
| 700 ## - ADDED ENTRY--PERSONAL NAME | |
| Personal name | Meeson, B. |
| 942 ## - ADDED ENTRY ELEMENTS (KOHA) | |
| Suppress in OPAC | 0 |
| Withdrawn status | Lost status | Source of classification or shelving scheme | Damaged status | Not for loan | Home library | Current library | Shelving location | Date acquired | Cost, normal purchase price | Total Checkouts | Full call number | Barcode | Date last seen | Date last checked out | Copy number | Cost, replacement price | Price effective from | Koha item type |
|---|---|---|---|---|---|---|---|---|---|---|---|---|---|---|---|---|---|---|
| Dewey Decimal Classification | London | London | Folio | 09/08/2002 | 15.75 | 8 | F690.241 PEA | 30066424 | 06/08/2019 | 13/08/2007 | 1 | 15.75 | 06/08/2019 | Book |